Statistics for Most Rectangular Countries of Europe (with Outlines)

Click here to take the quiz!

General Stats

  • This quiz has been taken 41 times
  • The average score is 14 of 15

Answer Stats

Answer% Correct
Monaco
100%
Poland
100%
Vatican City
100%
Germany
98%
Kosovo
98%
Portugal
98%
Romania
98%
Albania
93%
Hungary
93%
North Macedonia
93%
Switzerland
93%
Bulgaria
90%
Luxembourg
90%
San Marino
85%
Andorra
83%

Score Distribution

Percentile by Number Answered

Percent of People with Each Score

Your Score History

You have not taken this quiz